planning and implementation / (Record no. 14680)

MARC details
000 -LEADER
fixed length control field 00402nam a22001577a 4500
007 - PHYSICAL DESCRIPTION FIXED FIELD--GENERAL INFORMATION
fixed length control field 000
008 - FIXED-LENGTH DATA ELEMENTS--GENERAL INFORMATION
fixed length control field 170727b xxu||||| |||| 00| 0 eng d
040 ## - CATALOGING SOURCE
Original cataloging agency UOEL
050 ## - LIBRARY OF CONGRESS CALL NUMBER
Classification number HD 9502
Item number .P62 1997
100 ## - MAIN ENTRY--PERSONAL NAME
Personal name Lohmeier,Jochen
245 ## - TITLE STATEMENT
Title planning and implementation /
Statement of responsibility, etc Jochen ,Lohmeier
260 ## - PUBLICATION, DISTRIBUTION, ETC. (IMPRINT)
Place of publication, distribution, etc Berlin ;
Name of publisher, distributor, etc COMIT :
Date of publication, distribution, etc 1997 .
300 ## - PHYSICAL DESCRIPTION
Extent 213 p . ;
Other physical details ill . ;
650 ## - SUBJECT ADDED ENTRY--TOPICAL TERM
General subdivision manual
942 ## - ADDED ENTRY ELEMENTS (KOHA)
Source of classification or shelving scheme Library of Congress Classification
Item type SES Book
Holdings
Withdrawn status Lost status Source of classification or shelving scheme Damaged status Not for loan Home library Current library Shelving location Date acquired Total Checkouts Full call number Barcode Date last seen Copy number Price effective from Koha item type
    Library of Congress Classification     UOE Main Library UOE Main Library Open shelf 27/07/2017   HD 9502 .P62 1997 20067545 27/04/2026 20067545 27/07/2017 SES Book